|
|
|
|
| LEADER |
01138aam a22002658a 4500 |
| 001 |
00045800 |
| 005 |
20200910080915.0 |
| 008 |
120327s2004 ||||||viesd |
| 020 |
# |
# |
|c 365000
|a 9786049975455
|
| 041 |
0 |
# |
|a vie
|
| 082 |
1 |
4 |
|a 371.009 597
|b NH100GI
|
| 245 |
1 |
0 |
|c Đặng Quốc Bảo, Nguyễn Thị Mỹ Lộc, Phạm Minh Giản, Nguyễn Quang Đông Thành
|n T1
|p Dạy học từ truyền thống đến hiện đại
|a Nhà giáo - Nghề giáo: Những điều cần biết
|
| 260 |
# |
# |
|c 2020
|a Hà Nội
|b Đại học Quốc gia Hà Nội
|
| 300 |
# |
# |
|a 411tr.
|b hình vẽ, bảng
|c 27cm
|
| 653 |
# |
# |
|a Giáo dục
|
| 653 |
# |
# |
|a Nghiệp vụ
|
| 653 |
# |
# |
|a Việt Nam
|
| 653 |
# |
# |
|a Nhà giáo
|
| 700 |
# |
# |
|a Nguyễn, Quang Đông Thành
|
| 700 |
# |
# |
|a Nguyễn, Thị Mỹ Lộc
|
| 700 |
# |
# |
|a Phạm, Minh Giản
|
| 700 |
# |
# |
|a Đặng, Quốc Bảo
|
| 852 |
# |
# |
|j KM.0034348
|j KM.0034351
|j KM.0034347
|j KM.0034562
|j KD.0027440
|j KM.0034349
|j KM.0034350
|
| 910 |
# |
# |
|d 10/9/2020
|
| 980 |
# |
# |
|a Trung tâm Học liệu Lê Vũ Hùng, Trường Đại học Đồng Tháp
|